Detroit Pistons NBA Awards Winners - Statistics

General Stats
  • This quiz has been taken 580 times
  • The average score is 6 of 11
Answer Stats
Player % Correct
Isiah Thomas
99%
Ben Wallace
95%
Chauncey Billups
93%
Joe Dumars
91%
Dennis Rodman
78%
Grant Hill
63%
Dave Bing
39%
Corliss Williamson
16%
Rick Carlisle
13%
Don Meineke
4%
Ray Scott
4%
No matching quizzes found
Score Distribution
Percent of People with Each Score
Percentile by Number Answered
Your Score History
You have not taken this quiz